[Event "ROM-chT "]
[Site "Mamaia"]
[Date "2015.10.04"]
[Round "2.5"]
[White "Cosmulescu, Alexandru Paul"]
[Black "Danilov, Vladimir"]
[Result "1/2-1/2"]
[WhiteElo "1958"]
[BlackElo "2404"]
[PlyCount "51"]
[EventDate "2015.10.03"]
[EventType "team-tourn"]
[EventRounds "9"]
[EventCountry "ROU"]
[SourceTitle "CBM 168 Extra"]
[Source "ChessBase"]
[SourceDate "2015.10.29"]
[SourceVersion "1"]
[SourceVersionDate "2015.10.29"]
[SourceQuality "1"]
[WhiteTeam "Moreni Petrom"]
[BlackTeam "Iasi Politehnica"]
[WhiteTeamCountry "ROU"]
[BlackTeamCountry "ROU"]

1. d4 Nf6 2. c4 e5 3. dxe5 Ng4 4. Bf4 g5 5. Bg3 Bg7 6. Nf3 Nc6 7. Nc3 Ngxe5 8. Nxe5 Nxe5 9. Bxe5 Bxe5 10. Qd3 d6 11. g3 Be6 12. Bg2 c6 13. 0-0 f5 14. Kh1 Qf6 15. f4 gxf4 16. gxf4 Bxc3 17. bxc3 0-0-0 18. Rab1 d5 19. cxd5 Bxd5 20. Bxd5 Rxd5 21. Qe3 Kb8 22. Rg1 Qf7 23. c4 Ra5 24. Qc3 Qe8 25. Rg2 Ra6 26. c5 1/2-1/2

[Event "World Amateur-ch"]
[Site "Iasi"]
[Date "2013.04.29"]
[Round "8"]
[White "Faranka, Khaled"]
[Black "Cosmulescu, Alexandru Paul"]
[Result "0-1"]
[WhiteElo "1823"]
[BlackElo "1944"]
[PlyCount "35"]
[EventDate "2013.04.22"]
[EventType "swiss"]
[EventRounds "9"]
[EventCountry "ROU"]
[SourceTitle "CBM 154 Extra"]
[Source "ChessBase"]
[SourceDate "2013.06.25"]
[SourceVersion "2"]
[SourceVersionDate "2013.06.25"]
[SourceQuality "1"]

1. Nf3 d5 2. d4 e6 3. c4 Be7 4. Nc3 Nf6 5. e3 0-0 6. Bd3 b6 7. 0-0 Bb7 8. b3 Nbd7 9. Bb2 dxc4 10. bxc4 c5 11. d5 exd5 12. Nxd5 h6 13. e4 Ng4 14. h3 Nge5 15. Nxe5 Nxe5 16. Be2 g5 17. Qc2 Ng6 18. Rfd1 0-1

[Event "World Amateur-ch"]
[Site "Iasi"]
[Date "2013.04.25"]
[Round "4"]
[White "Statescu, Vlad"]
[Black "Cosmulescu, Alexandru Paul"]
[Result "0-1"]
[WhiteElo "1826"]
[BlackElo "1944"]
[PlyCount "86"]
[EventDate "2013.04.22"]
[EventType "swiss"]
[EventRounds "9"]
[EventCountry "ROU"]
[SourceTitle "CBM 154 Extra"]
[Source "ChessBase"]
[SourceDate "2013.06.25"]
[SourceVersion "2"]
[SourceVersionDate "2013.06.25"]
[SourceQuality "1"]

1. e4 c6 2. d4 d5 3. Nd2 dxe4 4. Nxe4 Bf5 5. Ng3 Bg6 6. h4 h6 7. h5 Bh7 8. c3 Qc7 9. Nf3 Nd7 10. Bd3 Bxd3 11. Qxd3 e6 12. Be3 Ngf6 13. 0-0-0 Bd6 14. Ne4 Nxe4 15. Qxe4 Nf6 16. Qc2 0-0-0 17. Qa4 b5 18. Qa6+ Kb8 19. c4 bxc4 20. Qxc4 Nd5 21. Kb1 Rd7 22. Rc1 Rc8 23. Rc2 Ka8 24. Rhc1 Qb8 25. Qa4 Rdc7 26. Ka1 Qb5 27. Qc4 Nxe3 28. fxe3 Qxh5 29. Qd3 Qb5 30. Qe4 Qd5 31. Qg4 f5 32. Qg6 Qe4 33. Rc3 Qd5 34. Kb1 Rb8 35. Ka1 Rcb7 36. R1c2 c5 37. b3 cxd4 38. Nxd4 Be5 39. Rc4 Qe4 40. Kb1 Qxe3 41. Ne2 Rxb3+ 42. axb3 Rxb3+ 43. Rb2 Rxb2+ 0-1

[Event "ROM-ch U18"]
[Site "Calimanesti"]
[Date "2013.04.05"]
[Round "5"]
[White "Cosmulescu, Alexandru Paul"]
[Black "Bogdan, Horia Daniel"]
[Result "0-1"]
[WhiteElo "1944"]
[BlackElo "1898"]
[PlyCount "112"]
[EventDate "2013.04.02"]
[EventType "swiss"]
[EventRounds "9"]
[EventCountry "ROU"]
[SourceTitle "CBM 153 Extra"]
[Source "ChessBase"]
[SourceDate "2013.04.22"]
[SourceVersion "1"]
[SourceVersionDate "2013.04.22"]
[SourceQuality "1"]

1. c4 c6 2. e4 e5 3. Nc3 Nf6 4. Nf3 d6 5. Be2 Be7 6. 0-0 Bg4 7. b3 Nbd7 8. Nh4 Bxe2 9. Qxe2 Nc5 10. Nf5 g6 11. Ng3 Ne6 12. d3 Bf8 13. Be3 Bg7 14. Qd2 Nd7 15. Nce2 h5 16. Rad1 h4 17. Nh1 Nd4 18. f4 Qe7 19. fxe5 dxe5 20. Nxd4 exd4 21. Bf4 Be5 22. Nf2 Bxf4 23. Qxf4 0-0-0 24. Ng4 Rdf8 25. e5 c5 26. b4 Rh5 27. Rfe1 Qg5 28. Qe4 Re8 29. Qf3 Qf5 30. bxc5 Qxf3 31. gxf3 Nxe5 32. Kh1 Re6 33. Nxe5 Rhxe5 34. Re4 h3 35. Rd2 f5 36. Rxe5 Rxe5 37. Kg1 f4 38. Kf2 Kc7 39. Rd1 Kc6 40. Rg1 g5 41. Rb1 Re7 42. Rb5 Re3 43. Rb3 Kxc5 44. a4 Kc6 45. Ra3 b6 46. Rb3 Kd6 47. Ra3 Ke6 48. Rb3 Kf5 49. Ra3 g4 50. fxg4+ Kxg4 51. a5 f3 52. Kf1 Re2 53. axb6 axb6 54. Rb3 Rxh2 55. Rxb6 Rc2 56. Rd6 h2 0-1

[Event "ROM-ch U18"]
[Site "Calimanesti"]
[Date "2013.04.05"]
[Round "6"]
[White "Zaharia, Alexandru Cristinel"]
[Black "Cosmulescu, Alexandru Paul"]
[Result "0-1"]
[WhiteElo "1485"]
[BlackElo "1944"]
[PlyCount "78"]
[EventDate "2013.04.02"]
[EventType "swiss"]
[EventRounds "9"]
[EventCountry "ROU"]
[SourceTitle "CBM 153 Extra"]
[Source "ChessBase"]
[SourceDate "2013.04.22"]
[SourceVersion "1"]
[SourceVersionDate "2013.04.22"]
[SourceQuality "1"]

1. e4 e5 2. Nf3 Nc6 3. Bc4 Bc5 4. c3 Nf6 5. d4 exd4 6. e5 Ne4 7. cxd4 Bb4+ 8. Nbd2 d5 9. exd6 Nxd6 10. Bb3 Qe7+ 11. Qe2 Qxe2+ 12. Kxe2 0-0 13. Rd1 Bg4 14. d5 Nd4+ 15. Kf1 Bxd2 16. Bxd2 Bxf3 17. gxf3 Nxf3 18. Bf4 Rfe8 19. Bc2 g5 20. Bg3 Ne5 21. Rd4 f5 22. f4 Nec4 23. Kf2 Ne3 24. Bb3 Ng4+ 25. Kf3 Re3+ 26. Kg2 Re2+ 27. Kf3 Rae8 28. fxg5 Nxh2+ 29. Bxh2 Rxh2 30. Rc1 Re7 31. Bc2 Kg7 32. Rd3 Ree2 33. Rc3 Nb5 34. Rc4 Rxc2 35. R1xc2 Rxc2 36. Rxc2 Nd4+ 37. Kf4 Nxc2 38. Kxf5 Nb4 39. Ke6 Kg6 0-1

[Event "ROM-ch"]
[Site "Baile Olanesti"]
[Date "2013.02.23"]
[Round "10"]
[White "Cosmulescu, Alexandru Paul"]
[Black "Glodeanu, Ion"]
[Result "1/2-1/2"]
[WhiteElo "1883"]
[BlackElo "2180"]
[PlyCount "21"]
[EventDate "2013.02.16"]
[EventType "swiss"]
[EventRounds "11"]
[EventCountry "ROU"]
[SourceTitle "CBM 153 Extra"]
[Source "ChessBase"]
[SourceDate "2013.04.22"]
[SourceVersion "1"]
[SourceVersionDate "2013.04.22"]
[SourceQuality "1"]

1. d4 d5 2. c4 e6 3. Nf3 Nf6 4. g3 Be7 5. Bg2 0-0 6. 0-0 dxc4 7. Qa4 a6 8. Qxc4 b5 9. Qc2 Bb7 10. Bf4 Nc6 11. Rd1 1/2-1/2

[Event "ROM-ch"]
[Site "Baile Olanesti"]
[Date "2013.02.20"]
[Round "6"]
[White "Cosmulescu, Alexandru Paul"]
[Black "Miulescu, Gabriel"]
[Result "1/2-1/2"]
[WhiteElo "1883"]
[BlackElo "2161"]
[PlyCount "85"]
[EventDate "2013.02.16"]
[EventType "swiss"]
[EventRounds "11"]
[EventCountry "ROU"]
[SourceTitle "CBM 153 Extra"]
[Source "ChessBase"]
[SourceDate "2013.04.22"]
[SourceVersion "1"]
[SourceVersionDate "2013.04.22"]
[SourceQuality "1"]

1. d4 Nf6 2. c4 g6 3. Nf3 Bg7 4. b4 d5 5. e3 0-0 6. Bb2 a5 7. b5 dxc4 8. Bxc4 Nbd7 9. Nc3 Nb6 10. Bb3 Bg4 11. a4 Nbd5 12. 0-0 Nxc3 13. Bxc3 Ne4 14. Bb2 Ng5 15. Bc4 Nxf3+ 16. gxf3 Bh3 17. Re1 e5 18. f4 exf4 19. exf4 Qd7 20. Qb3 Bf6 21. Re3 Bf5 22. Rae1 Rad8 23. Ba3 Qxd4 24. Bxf8 Rxf8 25. Re8 Qxf4 26. Bxf7+ Kg7 27. Rxf8 Kxf8 28. Bd5 Qg5+ 29. Bg2 b6 30. Qd5 Kg7 31. Qc6 Qf4 32. Qc1 Qxc1 33. Rxc1 Be5 34. h4 h5 35. Rc4 Bd6 36. Be4 Be6 37. Rd4 Kf6 38. Bc2 Bg4 39. Rd5 Kf7 40. Rg5 Be7 41. Rxg6 Bxh4 42. Rc6 Bd8 43. Kg2 1/2-1/2

[Event "ROM-ch"]
[Site "Baile Olanesti"]
[Date "2013.02.18"]
[Round "3"]
[White "Teodorescu, Dan"]
[Black "Cosmulescu, Alexandru Paul"]
[Result "0-1"]
[WhiteElo "1716"]
[BlackElo "1883"]
[PlyCount "50"]
[EventDate "2013.02.16"]
[EventType "swiss"]
[EventRounds "11"]
[EventCountry "ROU"]
[SourceTitle "CBM 153 Extra"]
[Source "ChessBase"]
[SourceDate "2013.04.22"]
[SourceVersion "1"]
[SourceVersionDate "2013.04.22"]
[SourceQuality "1"]

1. d4 f5 2. Bg5 h6 3. Bh4 g5 4. e4 Bg7 5. Qh5+ Kf8 6. f4 e6 7. Bf2 Nf6 8. Qe2 Nxe4 9. g3 d5 10. Bg2 b6 11. c3 Ba6 12. Qc2 Nd7 13. Be3 Ndf6 14. Nf3 Ng4 15. Bg1 gxf4 16. gxf4 Bf6 17. h4 Ng3 18. Rh3 Ne2 19. Qd2 Nxg1 20. Nxg1 Bxh4+ 21. Kd1 Nf2+ 22. Kc1 Nxh3 23. Bxh3 Rg8 24. Qh2 Bg3 25. Qd2 Qh4 0-1

[Event "ROM-ch U14 Boys"]
[Site "Voineasa"]
[Date "2008.04.17"]
[Round "8"]
[White "Cosmulescu, Alexandru Paul"]
[Black "Chiru, Alexandru"]
[Result "1/2-1/2"]
[WhiteElo "1690"]
[BlackElo "776"]
[PlyCount "130"]
[EventDate "2008.04.08"]
[EventType "swiss"]
[EventRounds "9"]
[EventCountry "ROU"]
[SourceTitle "EXT 2013"]
[Source "ChessBase"]
[SourceDate "2012.11.22"]
[SourceVersion "1"]
[SourceVersionDate "2012.11.22"]
[SourceQuality "1"]

1. c4 Nf6 2. g3 g6 3. Bg2 Bg7 4. Nc3 d6 5. d3 0-0 6. Nf3 c5 7. 0-0 Nc6 8. a3 Bd7 9. Rb1 a6 10. Bd2 Qc8 11. Na4 Qc7 12. Nc3 Rab8 13. a4 Nb4 14. Ne1 Qc8 15. Nc2 Nxc2 16. Qxc2 Bh3 17. f3 Bxg2 18. Kxg2 e6 19. b4 Qc7 20. Qb3 b6 21. Qa3 Nd7 22. Rfc1 Qa7 23. Ne4 Qc7 24. Bf4 e5 25. Be3 h6 26. Nc3 Nf6 27. Bf2 Kh7 28. e3 Rfd8 29. Ne2 Qe7 30. Rb3 Qc7 31. Rcb1 Nd7 32. Nc3 Nf6 33. e4 Qa7 34. a5 bxa5 35. bxc5 Rxb3 36. Rxb3 Qc7 37. Nd5 Qd7 38. Qxa5 dxc5 39. Qxa6 Nxd5 40. cxd5 Bf8 41. Rb7 Qe8 42. Rc7 Bd6 43. Rc6 Qf8 44. Qc4 Rc8 45. Rxc8 Qxc8 46. Qb5 Qc7 47. Be3 g5 48. Qc6 Qe7 49. h3 f6 50. g4 Kg7 51. Kf2 Kf7 52. Kg3 Kg7 53. Qc8 Kh7 54. Qf5+ Kg7 55. h4 Qf8 56. Qd7+ Qe7 57. Qxe7+ Bxe7 58. hxg5 hxg5 59. Kf2 Kf7 60. Ke2 Ke8 61. Kd2 Kd7 62. Kc3 Kc7 63. Kc4 Kb6 64. Bd2 Bd6 65. Bc3 Ka6 1/2-1/2

[Event "ROM-ch U14 Boys"]
[Site "Voineasa"]
[Date "2008.04.12"]
[Round "1"]
[White "Horvat, Dan Sebastian"]
[Black "Cosmulescu, Alexandru Paul"]
[Result "1-0"]
[WhiteElo "605"]
[BlackElo "1690"]
[PlyCount "55"]
[EventDate "2008.04.08"]
[EventType "swiss"]
[EventRounds "9"]
[EventCountry "ROU"]
[SourceTitle "EXT 2013"]
[Source "ChessBase"]
[SourceDate "2012.11.22"]
[SourceVersion "1"]
[SourceVersionDate "2012.11.22"]
[SourceQuality "1"]

1. e4 c6 2. d4 d5 3. e5 Bf5 4. Nc3 e6 5. g4 Bg6 6. Nge2 h6 7. Be3 Nd7 8. Qd2 Bb4 9. 0-0-0 Ne7 10. a3 Ba5 11. Nf4 Qc7 12. Bd3 Bxd3 13. Nxd3 Bb6 14. f4 a6 15. Qf2 Ba7 16. f5 exf5 17. gxf5 b6 18. Rhg1 Rg8 19. f6 gxf6 20. exf6 Ng6 21. Bf4 Qb7 22. Qe3+ Kd8 23. Rxg6 Re8 24. Qxe8+ Kxe8 25. Rg8+ Nf8 26. Re1+ Kd7 27. Re7+ Kc8 28. Rxf8# 1-0